Sports Quiz

Random Sports or Football Quiz
Score 0/47 Timer 10:00
0 Plays Today
Answer % Correct
Romelu Lukaku
95.2%
Eden Hazard
94.2%
Thorgan Hazard
93.3%
Jordan Lukaku
93.3%
Thibaut Courtois
92.3%
Jan Vertonghen
91.3%
Toby Alderweireld
88.5%
Axel Witsel
86.5%
Simon Mignolet
84.6%
Marouane Fellaini
82.7%
Dries Mertens
81.7%
Vincent Kompany
80.8%
Kevin De Bruyne
78.8%
Thomas Meunier
76.9%
Divock Origi
74%
Youri Tielemans
73.1%
Thomas Vermaelen
71.2%
Christian Benteke
70.2%
Yannick Carrasco
69.2%
Nacer Chadli
67.3%
Jason Denayer
67.3%
Michy Batshuayi
66.3%
Dedryck Boyata
66.3%
Hans Vanaken
62.5%
Answer % Correct
Timothy Castagne
59.6%
Leander Dendoncker
58.7%
Dennis Praet
58.7%
Adnan Januzaj
57.7%
Yari Verschaeren
51.9%
Radja Nainggolan
49%
Steven Defour
45.2%
Kevin Mirallas
40.4%
Timmy Simons
40.4%
Guillaume Gillet
39.4%
Christian Kabasele
38.5%
Laurent Depoitre
37.5%
Mousa Dembélé
35.6%
Laurent Ciman
33.7%
Benito Raman
33.7%
Nicolas Lombaerts
31.7%
Birger Verstraete
27.9%
Thomas Foket
24%
Zakaria Bakkali
19.2%
Anthony Limbombe
15.4%
Anthony Vanden Borre
12.5%
Luis Pedro Cavanda
10.6%
Sébastien Pocognoli
9.6%
Remove Ads.
Support Sporcle.
Get the best of Sporcle when you Go Orange. This ad-free experience offers more features, more stats, and more fun while also helping to support Sporcle. Thank you for becoming a member.

You're not logged in!

Compare scores with friends on all Sporcle quizzes.
OR
Log In

Show Comments

Extras

Created Oct 3, 2019ReportNominate
Tags:Football Quiz

Top Quizzes Today


Score Distribution

Your Account Isn't Verified!

In order to create a playlist on Sporcle, you need to verify the email address you used during registration. Go to your Sporcle Settings to finish the process.

Report this User

Report this user for behavior that violates our Community Guidelines.

Details: